000 00863nas a2200301 4500
001 BR2016004362
003 BR-BrBNA
005 20231205130738.0
007 ta
008 230509b bl.|||p| |||| 00| 00por d
040 _aBR-BrBNA
_bpor
_cBiblioteca Nacional de Agricultura
041 _a(Pt)
072 _aF03
100 1 _aCarvalho, C.A. de
100 1 _aSilva, J.B. da
100 1 _aAlves, C.Z.
245 1 _aEnvelhecimento acelerado em sementes de mogno
650 _aMOGNO
650 _aSEMENTE
650 _aEVELHECIMENTO PRECOCE
650 _aTESTE DE VIGOR
650 _aTEMPERATURA
650 _aGERMINAÇÃO
650 _aMODELO MATEMÁTICO
773 0 _tRevista Ciência Agronômica (Brazil)
_xISSN 0045-6888
_g(Oct-Dec 2016), v. 47(4) p. 691-699
_wBR2016004362
909 _a202311
_bLúcia
_c55
_dLúcia Elande
942 _2AGRIS
_n0
_cANA
999 _c250983
_d250983